Yo pienso, escribo y aprendo: texto de escritura para primer año básico
I tiakina i:
| Ngā kaituhi matua: | , |
|---|---|
| Hōputu: | Pukapuka |
| Reo: | Pāniora |
| I whakaputaina: |
Santiago
Andrés Bello
1990
|
| Putanga: | 3a. ed |
| Ngā marau: | |
| Ngā Tūtohu: |
Tāpirihia he Tūtohu
Kāore He Tūtohu, Me noho koe te mea tuatahi ki te tūtohu i tēnei pūkete!
|
MARC
| LEADER | 00000nam a2200000 a 4500 | ||
|---|---|---|---|
| 001 | UCW4516 | ||
| 003 | CL-VaPUC | ||
| 008 | 900516e19900000CL |||||||||||||||||spa|d | ||
| 082 | 0 | 4 | |a 372.6 |b RIO |2 21 |
| 100 | 0 | |a Ríoseco Izquierdo, Rosita |e author |9 309295 | |
| 700 | 0 | |a Ziliani Cárcamo, Mónica |e author |9 309296 | |
| 245 | 1 | 0 | |a Yo pienso, escribo y aprendo: texto de escritura para primer año básico |
| 250 | |a 3a. ed | ||
| 300 | |a v | ||
| 942 | |c BK | ||
| 945 | |d 19900516 00:00:00 | ||
| 260 | |a Santiago |b Andrés Bello |c 1990 | ||
| 500 | |a v.1: Texto para primer año básico | ||
| 500 | |a v.2: Texto para segundo año básico | ||
| 650 | 0 | |a Apresto lectoescritura |9 309297 | |
| 650 | 0 | |a Libros de texto |9 270019 | |
| 650 | 0 | |a Enseñanza |9 256457 | |
| 650 | 0 | |a Educación básica |9 224933 | |
| 583 | |a last modification |c 19900516 00:00:00 |k Rodrigo Vera | ||
| 999 | |c 218239 |d 218237 | ||
| 952 | |0 0 |1 0 |4 0 |6 372_600000000000000_RIO_1990 |7 0 |8 P |9 207395 |a BIBEDU |b BIBEDU |c BIBEDU_PB |d 2019-11-15 |h v.1 |i 2751607 |o 372.6 RIO 1990 |p 2751607 |r 2024-01-25 |w 2019-11-15 |y BK |k EDU | ||